Diagnostic procedures in veterinary bacteriology and mycology (Record no. 8759)
[ view plain ]
| 000 -LEADER | |
|---|---|
| fixed length control field | 00217nam a22000977a 4500 |
| 040 ## - CATALOGING SOURCE | |
| Transcribing agency | HS |
| 082 ## - DEWEY DECIMAL CLASSIFICATION NUMBER | |
| Classification number | 636 |
| 100 ## - MAIN ENTRY--AUTHOR NAME | |
| Personal name | G.R. CARTER |
| 245 ## - TITLE STATEMENT | |
| Title | Diagnostic procedures in veterinary bacteriology and mycology |
| 942 ## - ADDED ENTRY ELEMENTS (KOHA) | |
| Koha item type | សៀវភៅភាសាអង់គ្លេស |
| 952 ## - LOCATION AND ITEM INFORMATION (KOHA) | |
| Withdrawn status [LOCAL, KOHA] | 0 |
| 952 ## - LOCATION AND ITEM INFORMATION (KOHA) | |
| Withdrawn status [LOCAL, KOHA] | 0 |
| 952 ## - LOCATION AND ITEM INFORMATION (KOHA) | |
| Withdrawn status [LOCAL, KOHA] | 0 |
| Permanent Location | Date acquired | Koha item type | Lost status | Shelving location | Barcode | Current Location | Full call number |
|---|---|---|---|---|---|---|---|
| Library Block C | 2016-08-12 | សៀវភៅភាសាអង់គ្លេស | C244 | RUA045246 | Library Block C | 636 GRC NA C244 | |
| Library Block C | 2016-10-13 | សៀវភៅភាសាអង់គ្លេស | C249 | RUA045997 | Library Block C | 636 CAR NA C249 | |
| Library Block C | 2016-10-13 | សៀវភៅភាសាអង់គ្លេស | C249 | RUA046003 | Library Block C | 636 NA CAR C249 |